Der Kamares - Stil Werden und Wesen
Αποθηκεύτηκε σε:
| Κύριος συγγραφέας: | |
|---|---|
| Μορφή: | Βιβλίο |
| Γλώσσα: | German |
| Δημοσίευση: |
[Tubingen] :
[Fotodruck Prazis],
1968.
|
| Θέματα: | |
| Ετικέτες: |
Προσθήκη ετικέτας
Δεν υπάρχουν, Καταχωρήστε ετικέτα πρώτοι!
|
MARC
| LEADER | 00000cam a2200000 i 4500 | ||
|---|---|---|---|
| 001 | 1/87281 | ||
| 008 | 080530s1968 gw | ||| |||| ||ger|| | ||
| 035 | |l 10097839 | ||
| 040 | |a GR-MY-UA |b gre |e aacr | ||
| 041 | 0 | |a ger | |
| 082 | 7 | |a 930.10285 |2 (22) | |
| 100 | 1 | |a Ζώης, Αντώνης Α. | |
| 245 | 1 | 4 | |a Der Kamares - Stil Werden und Wesen / |c von Antonis A. Zois. |
| 260 | |a [Tubingen] : |b [Fotodruck Prazis], |c 1968. | ||
| 300 | |a iv, 430 σ. ; |c 21x30 εκ. | ||
| 500 | |a Διατριβή (διδακτορική) του συγγραφέως -- Hohen Philosophischen Fakultat der Eberhard, Karls, Universitat zu Tubingen, 1964. | ||
| 504 | |a Περιλαμβάνει βιβλιογραφικές παραπομπές. | ||
| 650 | 0 | 0 | |a Pottery, Greek. |
| 852 | |a INST |b RHODES |e 20080530 |h 930.10285 ΖΩΗ |p 005400029130 |q 005400029130 |t BK |y 0 | ||
| 901 | |a BIBL4-2008-2 | ||
| 909 | |a Ρ |b 150167 | ||
| 970 | |a ΚΟΖΑ |b ΜΑΡΙΑ |z 2008/05/30 | ||